| 000 -LEADER |
| fixed length control field |
00809pam a2200253 a 4500 |
| 001 - CONTROL NUMBER |
| control field |
672351 |
| 005 - DATE AND TIME OF LATEST TRANSACTION |
| control field |
20180309084159.0 |
| 008 - FIXED-LENGTH DATA ELEMENTS--GENERAL INFORMATION |
| fixed length control field |
950705s1996 njua b 001 0 eng c |
| 010 ## - LIBRARY OF CONGRESS CONTROL NUMBER |
| LC control number |
95034138 |
| 020 ## - INTERNATIONAL STANDARD BOOK NUMBER |
| International Standard Book Number |
0133750159 |
| 040 ## - CATALOGING SOURCE |
| Original cataloging agency |
DNLM/DLC |
| Transcribing agency |
DLC |
| Modifying agency |
DLC |
| 041 ## - LANGUAGE CODE |
| Language code of text/sound track or separate title |
eng |
| 060 10 - NATIONAL LIBRARY OF MEDICINE CALL NUMBER |
| Classification number |
WB 400 Z526a 1995 |
| 080 ## - UNIVERSAL DECIMAL CLASSIFICATION NUMBER |
| Universal Decimal Classification number |
615.884 ZEM |
| 082 00 - DEWEY DECIMAL CLASSIFICATION NUMBER |
| Classification number |
615.884 ZEM |
| Edition number |
20 |
| 100 1# - Rafti |
| Rafti |
10 |
| 101 ## - Shkurtesa |
| Shkurtesa |
NUT |
| 245 10 - TITLE STATEMENT |
| Title |
Applications in medical nutrition therapy / |
| Statement of responsibility, etc |
Frances J. Zeman, Denise M. Ney. |
| 246 30 - VARYING FORM OF TITLE |
| Title proper/short title |
Medical nutrition therapy |
| 504 ## - BIBLIOGRAPHY, ETC. NOTE |
| Bibliography, etc |
Includes bibliographical references and index. |
| 906 ## - LOCAL DATA ELEMENT F, LDF (RLIN) |
| a |
7 |
| b |
cbc |
| c |
orignew |
| d |
1 |
| e |
ocip |
| f |
19 |
| g |
y-gencatlg |
| 942 ## - ADDED ENTRY ELEMENTS (KOHA) |
| Source of classification or shelving scheme |
|
| Item type |
Books |